[Event "IECC KO email"]
[Site "IECC email"]
[Date "2000.12.08"]
[Round "?"]
[White "Ventimiglia, Charles"]
[Black "Cousins, Eddie"]
[Result "1-0"]
[WhiteElo "1965"]
[BlackElo "2002"]
[PlyCount "115"]
[EventDate "2000.??.??"]
[EventType "tourn (corr)"]
[EventRounds "6"]
[SourceTitle "Corr 2008"]
[Source "ChessBase"]
[SourceDate "2008.06.24"]
[SourceVersion "1"]
[SourceVersionDate "2008.06.24"]
[SourceQuality "1"]

1. e4 e5 2. f4 exf4 3. Nf3 Be7 4. Nc3 Bh4+ 5. Ke2 d5 6. Nxd5 Bg4 7. d4 f5 8. Qd3 Ne7 9. Nxf4 Nbc6 10. c3 Qd7 11. Kd2 fxe4 12. Qxe4 Bf5 13. Qe3 Bf6 14. Bc4 0-0-0 15. Be6 Bxe6 16. Qxe6 g5 17. Qxd7+ Rxd7 18. Nh5 Rf8 19. Nxf6 Rxf6 20. Nxg5 Rf2+ 21. Ke3 Rxg2 22. Kf3 Rc2 23. Nxh7 Rd5 24. h4 Rf5+ 25. Kg4 Rg2+ 26. Kh3 Re2 27. Rb1 Rf7 28. Ng5 Rff2 29. a3 Ng8 30. b4 Nf6 31. Rb3 Rc2 32. Be3 Rfe2 33. c4 Rxc4 34. Rf1 Nd5 35. Bg1 Kd7 36. Rg3 Rcc2 37. h5 Nd8 38. h6 Rc6 39. h7 Rh6+ 40. Kg4 Re8 41. Rh3 Rxh3 42. Kxh3 Rh8 43. Rf5 c6 44. Kg4 Ke7 45. Kh5 Nf6+ 46. Kh6 Nf7+ 47. Nxf7 Kxf7 48. Kg5 Rxh7 49. Rxf6+ Ke7 50. Rg6 Rh3 51. Rg7+ Ke6 52. Kf4 Rxa3 53. Rxb7 Ra1 54. Bf2 Rf1 55. Ke3 Rb1 56. Ke4 Rb2 57. Bh4 Rg2 58. Bd8 1-0

[Event "IECC CL1-2000.19"]
[Site "IECC email"]
[Date "2000.07.17"]
[Round "?"]
[White "Cousins, Eddie"]
[Black "Guzman, Carlos M"]
[Result "0-1"]
[WhiteElo "1988"]
[BlackElo "2216"]
[PlyCount "78"]
[EventDate "2000.??.??"]
[EventType "tourn (corr)"]
[EventRounds "4"]
[SourceTitle "Corr 2008"]
[Source "ChessBase"]
[SourceDate "2008.06.24"]
[SourceVersion "1"]
[SourceVersionDate "2008.06.24"]
[SourceQuality "1"]

1. d4 e6 2. e4 d5 3. Nc3 Bb4 4. e5 c5 5. a3 Ba5 6. b4 cxd4 7. Nb5 Bc7 8. f4 Ne7 9. Nf3 Bd7 10. Bd3 Bxb5 11. Bxb5+ Nbc6 12. Bd3 Bb6 13. 0-0 a6 14. g4 h5 15. g5 g6 16. Bb2 0-0 17. Qd2 Qd7 18. Qf2 Rfc8 19. Rfd1 Rc7 20. Rd2 Rac8 21. Rad1 Ba7 22. Kf1 b5 23. Rc1 a5 24. Bxb5 axb4 25. axb4 Rb8 26. Qe2 Rcb7 27. Bxc6 Nxc6 28. Nxd4 Rxb4 29. c3 Ra4 30. Rcd1 Na5 31. Rc2 Nc4 32. Bc1 Rb1 33. Bd2 Raa1 34. Rxb1 Rxb1+ 35. Be1 Bxd4 36. cxd4 Qa4 37. Kf2 Qa3 38. Bc3 Qb3 39. Qd3 Rh1 0-1

[Event "IECC KO email"]
[Site "IECC email"]
[Date "2000.07.08"]
[Round "?"]
[White "Hakuc, Waclaw"]
[Black "Cousins, Eddie"]
[Result "1/2-1/2"]
[WhiteElo "1868"]
[BlackElo "1981"]
[PlyCount "72"]
[EventDate "2000.??.??"]
[EventType "tourn (corr)"]
[EventRounds "6"]
[SourceTitle "Corr 2008"]
[Source "ChessBase"]
[SourceDate "2008.06.24"]
[SourceVersion "1"]
[SourceVersionDate "2008.06.24"]
[SourceQuality "1"]

1. e4 e5 2. Nf3 Nc6 3. Bb5 f5 4. d3 fxe4 5. dxe4 Nf6 6. 0-0 Bc5 7. Bxc6 bxc6 8. Nxe5 0-0 9. Bg5 Qe8 10. Bxf6 Rxf6 11. Nd3 Bb6 12. e5 Rf8 13. Nc3 Ba6 14. Qg4 Qf7 15. Kh1 Rae8 16. Rae1 Qe6 17. Qxe6+ Rxe6 18. f4 d6 19. Ne4 Bxd3 20. cxd3 dxe5 21. f5 Re7 22. Rf3 Rd7 23. f6 Rdf7 24. fxg7 Rxf3 25. gxf8Q+ Rxf8 26. g4 Rf3 27. Rd1 Re3 28. Rd2 Ba5 29. Rc2 Rxd3 30. Rc5 Bb6 31. Rxe5 Bd4 32. Rg5+ Kh8 33. b3 Re3 34. Ng3 Re1+ 35. Kg2 Rc1 36. Nf5 Rc2+ 1/2-1/2

[Event "IECC CL3-2000.05"]
[Site "IECC email"]
[Date "1999.11.27"]
[Round "?"]
[White "Cousins, Eddie"]
[Black "Lacey, Edward"]
[Result "1/2-1/2"]
[WhiteElo "2035"]
[BlackElo "1919"]
[PlyCount "121"]
[EventDate "2000.??.??"]
[EventType "tourn (corr)"]
[EventRounds "4"]
[SourceTitle "Corr 2008"]
[Source "ChessBase"]
[SourceDate "2008.06.24"]
[SourceVersion "1"]
[SourceVersionDate "2008.06.24"]
[SourceQuality "1"]

1. e4 c5 2. Nc3 Nc6 3. g3 g6 4. Bg2 Bg7 5. d3 d6 6. f4 e6 7. Nf3 Nge7 8. 0-0 0-0 9. Be3 Nd4 10. Bf2 Nec6 11. Nxd4 Nxd4 12. Rb1 Qa5 13. a3 Bd7 14. Ne2 Ba4 15. Nxd4 cxd4 16. Be1 Qc7 17. b3 Bd7 18. Rc1 f5 19. Bb4 fxe4 20. Bxe4 Rac8 21. Re1 a5 22. Bd2 b6 23. Bf3 Rf7 24. b4 a4 25. Bg4 Re8 26. b5 Qc8 27. Rb1 e5 28. Bf3 Kh8 29. Bd5 Rff8 30. fxe5 dxe5 31. Rb4 Bg4 32. Qb1 Bf3 33. Bxf3 Rxf3 34. Rxa4 Ref8 35. Bb4 R8f7 36. Qd1 h6 37. Ra7 Rxg3+ 38. hxg3 Rxa7 39. Qd2 Kh7 40. Kg2 Qd7 41. Rf1 Qxb5 42. Kg1 Qc6 43. Qg2 Qxg2+ 44. Kxg2 Rc7 45. Rc1 Kg8 46. Kf3 Kf7 47. Ke4 Ke6 48. a4 Ra7 49. Ra1 Bf6 50. Bd2 h5 51. Rb1 Bd8 52. Rb5 Bc7 53. Rb4 Kd7 54. Rc4 Rb7 55. Rb4 Rb8 56. c3 Bd6 57. Rb5 Ra8 58. Rxb6 Kc7 59. Rb3 Rxa4 60. c4 Ra2 61. Bg5 1/2-1/2

[Event "IECC KO email"]
[Site "IECC email"]
[Date "1999.10.24"]
[Round "?"]
[White "Cousins, Eddie"]
[Black "Powles, Jonathan"]
[Result "1-0"]
[WhiteElo "2025"]
[BlackElo "1810"]
[PlyCount "99"]
[EventDate "1999.??.??"]
[EventType "tourn (corr)"]
[EventRounds "6"]
[SourceTitle "Corr 2008"]
[Source "ChessBase"]
[SourceDate "2008.06.24"]
[SourceVersion "1"]
[SourceVersionDate "2008.06.24"]
[SourceQuality "1"]

1. e4 c5 2. c3 e6 3. d4 d5 4. exd5 exd5 5. Be3 c4 6. b3 cxb3 7. axb3 Bd6 8. Bd3 Ne7 9. Qf3 Be6 10. Bf4 Bxf4 11. Qxf4 0-0 12. Ne2 Ng6 13. Qf3 Nc6 14. 0-0 Qd7 15. h3 Qd6 16. Na3 a6 17. Nc2 f5 18. Qh5 Rf6 19. f4 Nge7 20. Rfe1 Qc7 21. Ne3 Bf7 22. Qf3 Na5 23. Ra3 Nac6 24. Rea1 Na7 25. c4 dxc4 26. bxc4 Rd8 27. d5 Qc5 28. Kh2 b5 29. Rxa6 Rxa6 30. Rxa6 bxc4 31. Bxc4 Nac6 32. dxc6 Bxc4 33. Nxc4 Qxc4 34. Ra7 Nxc6 35. Rc7 Rd6 36. Rc8+ Kf7 37. Qh5+ Ke6 38. Rc7 g6 39. Qf3 h6 40. Qg3 Kd5 41. Qe3 Qb4 42. Nc3+ Kc4 43. Nd1 Kd5 44. Qc1 Qc5 45. Ne3+ Kd4 46. Nc2+ Kd5 47. Qd1+ Kc4 48. Ne3+ Kc3 49. Qc2+ Kd4 50. Qb3 1-0

[Event "IECC CL3-1999.39"]
[Site "IECC email"]
[Date "1999.10.01"]
[Round "?"]
[White "Cousins, Eddie"]
[Black "Barks, James Leonard"]
[Result "1-0"]
[WhiteElo "1932"]
[BlackElo "1852"]
[PlyCount "65"]
[EventDate "1999.??.??"]
[EventType "tourn (corr)"]
[EventRounds "4"]
[SourceTitle "Corr 2008"]
[Source "ChessBase"]
[SourceDate "2008.06.24"]
[SourceVersion "1"]
[SourceVersionDate "2008.06.24"]
[SourceQuality "1"]

1. e4 c5 2. c3 d5 3. exd5 Qxd5 4. d4 cxd4 5. cxd4 Nf6 6. Nc3 Qa5 7. Bd2 e6 8. Bb5+ Bd7 9. Nd5 Qd8 10. Nxf6+ Qxf6 11. Bxd7+ Nxd7 12. Ne2 Qf5 13. 0-0 Bd6 14. Ng3 Qd5 15. Qg4 g6 16. Bh6 Rg8 17. Bg5 f6 18. Be3 Rc8 19. Qh4 h5 20. Ne4 Kf7 21. Rac1 Bb4 22. a3 Be7 23. Qf4 Rgd8 24. Rfe1 Rxc1 25. Rxc1 b5 26. f3 e5 27. Qh6 exd4 28. Qh7+ Ke6 29. Bf4 d3 30. Qxg6 Nc5 31. b4 Qd4+ 32. Kh1 Nxe4 33. Re1 1-0

[Event "IECC KO email"]
[Site "IECC email"]
[Date "1999.07.30"]
[Round "?"]
[White "Payot, Christian"]
[Black "Cousins, Eddie"]
[Result "1-0"]
[WhiteElo "1526"]
[BlackElo "1923"]
[PlyCount "65"]
[EventDate "1999.??.??"]
[EventType "tourn (corr)"]
[EventRounds "6"]
[SourceTitle "Corr 2008"]
[Source "ChessBase"]
[SourceDate "2008.06.24"]
[SourceVersion "1"]
[SourceVersionDate "2008.06.24"]
[SourceQuality "1"]

1. d4 d5 2. c4 c6 3. Nf3 Nf6 4. Nc3 e6 5. Bg5 dxc4 6. e4 b5 7. e5 h6 8. Bh4 g5 9. Nxg5 hxg5 10. Bxg5 Nbd7 11. exf6 Bb7 12. g3 c5 13. d5 Qb6 14. Bg2 0-0-0 15. 0-0 b4 16. Na4 Qb5 17. a3 Nb8 18. axb4 cxb4 19. Qd4 Nc6 20. dxc6 Rxd4 21. cxb7+ Kc7 22. Be3 Rd5 23. Bxa7 Bd6 24. Nb6 Rd2 25. Na8+ Kd7 26. Be3 c3 27. Bxd2 cxd2 28. Rfd1 Qe2 29. Bf1 Qh5 30. h4 Rb8 31. Rxd2 Qc5 32. Ra6 Rxb7 33. h5 1-0

[Event "IECC Swiss email"]
[Site "IECC email"]
[Date "1999.06.03"]
[Round "?"]
[White "Cousins, Eddie"]
[Black "Guzman Moya, Jesus"]
[Result "1/2-1/2"]
[WhiteElo "1976"]
[BlackElo "1852"]
[PlyCount "72"]
[EventDate "1999.??.??"]
[EventType "tourn (corr)"]
[EventRounds "6"]
[SourceTitle "Corr 2008"]
[Source "ChessBase"]
[SourceDate "2008.06.24"]
[SourceVersion "1"]
[SourceVersionDate "2008.06.24"]
[SourceQuality "1"]

1. e4 c5 2. c3 d5 3. exd5 Qxd5 4. d4 Nf6 5. Nf3 e6 6. Bd3 Be7 7. 0-0 0-0 8. c4 Qd8 9. dxc5 Na6 10. Qe2 Nxc5 11. Bc2 Qc7 12. Nc3 a6 13. b4 Ncd7 14. a3 b6 15. Bb2 Re8 16. Rad1 Bb7 17. Rd4 Rac8 18. Bb3 Bd6 19. g3 Ne5 20. Nxe5 Bxe5 21. Rd3 Ba8 22. f3 Bd6 23. Na4 Be7 24. Qe3 b5 25. cxb5 axb5 26. Nb6 Rcd8 27. Nxa8 Rxa8 28. Rc1 Qb7 29. Rcd1 Red8 30. Bc2 Rxd3 31. Qxd3 g6 32. Qe2 Nd5 33. Kh1 Rc8 34. Be4 Rd8 35. Rc1 Qd7 36. f4 Bf6 1/2-1/2

[Event "IECC Swiss email"]
[Site "IECC email"]
[Date "1999.05.03"]
[Round "?"]
[White "Surender, Anil"]
[Black "Cousins, Eddie"]
[Result "0-1"]
[WhiteElo "1984"]
[BlackElo "1925"]
[PlyCount "56"]
[EventDate "1999.??.??"]
[EventType "tourn (corr)"]
[EventRounds "6"]
[SourceTitle "Corr 2008"]
[Source "ChessBase"]
[SourceDate "2008.06.24"]
[SourceVersion "1"]
[SourceVersionDate "2008.06.24"]
[SourceQuality "1"]

1. d4 d5 2. c4 c6 3. Nf3 Nf6 4. Nc3 e6 5. Bg5 dxc4 6. e4 b5 7. a4 Bb4 8. e5 h6 9. exf6 hxg5 10. fxg7 Rg8 11. h4 g4 12. Ne5 Rxg7 13. h5 f5 14. Be2 Qg5 15. axb5 cxb5 16. d5 Qf4 17. Ng6 Qh6 18. dxe6 Bb7 19. Nh4 Rg5 20. Qd4 Rxh5 21. Rd1 Qxe6 22. Qd8+ Kf7 23. Qc7+ Qe7 24. Qf4 Be4 25. Kd2 Bxc3+ 26. bxc3 Nc6 27. Bxg4 Rxh4 28. Rxh4 Rd8+ 0-1

[Event "IECC Swiss email"]
[Site "IECC email"]
[Date "1999.02.20"]
[Round "?"]
[White "Cousins, Eddie"]
[Black "Watson, Roger E"]
[Result "1-0"]
[WhiteElo "1907"]
[BlackElo "1528"]
[PlyCount "53"]
[EventDate "1999.??.??"]
[EventType "tourn (corr)"]
[EventRounds "6"]
[SourceTitle "Corr 2008"]
[Source "ChessBase"]
[SourceDate "2008.06.24"]
[SourceVersion "1"]
[SourceVersionDate "2008.06.24"]
[SourceQuality "1"]

1. e4 c6 2. d4 d5 3. e5 Bf5 4. Nc3 Qb6 5. Bd3 Bxd3 6. Qxd3 e6 7. Nge2 Qa6 8. Qh3 b5 9. Nf4 c5 10. dxc5 Bxc5 11. 0-0 Ne7 12. Nh5 0-0 13. Nxg7 Ng6 14. Nh5 Nd7 15. Nxd5 exd5 16. Qxd7 Rad8 17. Qg4 Be7 18. Bh6 Rfe8 19. Rfe1 Qe6 20. Qxe6 fxe6 21. Ng7 Bf8 22. Nxe8 Bxh6 23. Nc7 Kf7 24. Nxb5 Rb8 25. Nd4 Rxb2 26. Reb1 Rxb1+ 27. Rxb1 1-0

[Event "IECC Swiss email"]
[Site "IECC email"]
[Date "1999.02.20"]
[Round "3"]
[White "Mayer, Eduardo"]
[Black "Cousins, Eddie"]
[Result "1/2-1/2"]
[WhiteElo "1648"]
[BlackElo "1899"]
[PlyCount "70"]
[EventDate "1999.??.??"]
[EventType "tourn (corr)"]
[EventRounds "6"]
[SourceTitle "Corr 2008"]
[Source "ChessBase"]
[SourceDate "2008.06.24"]
[SourceVersion "1"]
[SourceVersionDate "2008.06.24"]
[SourceQuality "1"]

1. d4 Nf6 2. c4 e6 3. Nc3 Bb4 4. Qd2 d5 5. cxd5 exd5 6. f3 0-0 7. e3 Bf5 8. Bd3 Bxd3 9. Qxd3 Bd6 10. Nge2 Re8 11. 0-0 Na6 12. Nb5 Bf8 13. a3 c6 14. Nbc3 Bd6 15. Bd2 Qc7 16. g3 Qd7 17. b4 Rad8 18. b5 Nc7 19. bxc6 bxc6 20. Na4 Ne6 21. Rab1 Rb8 22. Bb4 Bxb4 23. axb4 Qe7 24. Nc5 Nxc5 25. bxc5 Rxb1 26. Rxb1 g5 27. Rb3 g4 28. f4 h6 29. Ra3 Kh8 30. Qf5 Rb8 31. Qe5 Qxe5 32. fxe5 Rb1+ 33. Kg2 Ne4 34. Rxa7 Rb2 35. Ra8+ Kg7 1/2-1/2

[Event "IECC KO email"]
[Site "IECC email"]
[Date "1999.02.07"]
[Round "?"]
[White "Badat, Laurent"]
[Black "Cousins, Eddie"]
[Result "0-1"]
[WhiteElo "1419"]
[BlackElo "1888"]
[PlyCount "80"]
[EventDate "1999.??.??"]
[EventType "tourn (corr)"]
[EventRounds "6"]
[SourceTitle "Corr 2008"]
[Source "ChessBase"]
[SourceDate "2008.06.24"]
[SourceVersion "1"]
[SourceVersionDate "2008.06.24"]
[SourceQuality "1"]

1. d4 d5 2. c4 Nc6 3. Nc3 Nf6 4. Nf3 Bg4 5. cxd5 Nxd5 6. e4 Nxc3 7. bxc3 e5 8. d5 Nb8 9. Qb3 Nd7 10. Be3 b6 11. Bb5 Bxf3 12. gxf3 a6 13. Bc6 Rb8 14. Qa4 Qc8 15. Bxd7+ Qxd7 16. Qxa6 f5 17. Bd2 Bc5 18. Qc4 fxe4 19. fxe4 0-0 20. Be3 Bxe3 21. fxe3 Qh3 22. d6+ Kh8 23. dxc7 Qxe3+ 24. Kd1 Rbc8 25. Re1 Qh3 26. Kc2 b5 27. Qc6 Rf2+ 28. Kb3 Qd3 29. Kb4 Qc2 30. Red1 Qa4+ 31. Kc5 Rff8 32. Kd5 Qc2 33. a4 bxa4 34. Qxa4 Qxc3 35. Rac1 Rfd8+ 36. cxd8Q+ Rxd8+ 37. Ke6 Qh3+ 38. Kxe5 Qxh2+ 39. Kf5 Qf2+ 40. Kg4 Rf8 0-1

[Event "IECC Swiss email"]
[Site "IECC email"]
[Date "1998.11.27"]
[Round "2"]
[White "Grouls, Cor"]
[Black "Cousins, Eddie"]
[Result "1/2-1/2"]
[WhiteElo "1595"]
[BlackElo "1421"]
[PlyCount "51"]
[EventDate "1998.??.??"]
[EventType "tourn (corr)"]
[EventRounds "6"]
[SourceTitle "Corr 2008"]
[Source "ChessBase"]
[SourceDate "2008.06.24"]
[SourceVersion "1"]
[SourceVersionDate "2008.06.24"]
[SourceQuality "1"]

1. e4 e5 2. Nf3 Nc6 3. c3 Nf6 4. d4 Nxe4 5. d5 Ne7 6. Nxe5 Ng6 7. Qd4 Qf6 8. Qxe4 Qxe5 9. Qxe5+ Nxe5 10. Bf4 d6 11. Na3 a6 12. 0-0-0 Be7 13. Re1 Ng6 14. Bg5 Bf5 15. Nc2 Kd7 16. Bd2 Ne5 17. Nd4 Nd3+ 18. Bxd3 Bxd3 19. b3 Rhe8 20. Re3 Bg6 21. Rhe1 Bf6 22. Rxe8 Rxe8 23. Rxe8 Kxe8 24. Nc2 Kd7 25. c4 b5 26. cxb5 1/2-1/2

[Event "IECC Swiss email"]
[Site "IECC email"]
[Date "1998.11.27"]
[Round "2"]
[White "Nastac, Alin"]
[Black "Cousins, Eddie"]
[Result "0-1"]
[WhiteElo "1276"]
[BlackElo "1828"]
[PlyCount "70"]
[EventDate "1998.??.??"]
[EventType "tourn (corr)"]
[EventRounds "6"]
[SourceTitle "Corr 2008"]
[Source "ChessBase"]
[SourceDate "2008.06.24"]
[SourceVersion "1"]
[SourceVersionDate "2008.06.24"]
[SourceQuality "1"]

1. d4 Nf6 2. Nf3 d5 3. Bg5 Ne4 4. Nc3 Nxg5 5. Nxg5 e5 6. h4 e4 7. e3 Bb4 8. Qh5 g6 9. Qh6 Bf8 10. Nxf7 Kxf7 11. Qf4+ Bf5 12. Nb5 Bd6 13. Nxd6+ Qxd6 14. Qxd6 cxd6 15. c3 Nd7 16. h5 Nf6 17. Be2 gxh5 18. Bxh5+ Ke7 19. Be2 Rhg8 20. Rh2 Raf8 21. Rc1 Rg7 22. f3 h5 23. Kd2 Rfg8 24. Bf1 Rg3 25. Ke2 h4 26. Kf2 h3 27. a4 hxg2 28. Bxg2 exf3 29. Bxf3 Bd3 30. b3 Ne4+ 31. Bxe4 dxe4 32. c4 Rf3+ 33. Ke1 Rxe3+ 34. Kd2 Rf3 35. Re1 Kf6 0-1

[Event "IECC Swiss email"]
[Site "IECC email"]
[Date "1998.11.27"]
[Round "1"]
[White "Regular, Ray"]
[Black "Cousins, Eddie"]
[Result "0-1"]
[WhiteElo "955"]
[BlackElo "1618"]
[PlyCount "62"]
[EventDate "1998.??.??"]
[EventType "tourn (corr)"]
[EventRounds "6"]
[SourceTitle "Corr 2008"]
[Source "ChessBase"]
[SourceDate "2008.06.24"]
[SourceVersion "1"]
[SourceVersionDate "2008.06.24"]
[SourceQuality "1"]

1. e4 e5 2. f4 exf4 3. Nf3 Be7 4. Bc4 Nf6 5. Nc3 Nxe4 6. Nxe4 d5 7. Bxd5 Qxd5 8. d3 Bf5 9. Qe2 Bxe4 10. dxe4 Qd6 11. Bd2 Nc6 12. 0-0-0 0-0-0 13. e5 Qe6 14. b3 g5 15. h3 h5 16. h4 g4 17. Ng5 Bxg5 18. hxg5 Nd4 19. Qe4 f3 20. gxf3 Nxf3 21. Bf4 h4 22. a4 Rhe8 23. Rxd8+ Rxd8 24. Qe3 Qf5 25. Kb2 Rd2 26. Qc5 Qxf4 27. Qxa7 Qxe5+ 28. Kb1 Ne1 29. Ka2 Rxc2+ 30. Ka3 Qd6+ 31. b4 Qd3# 0-1

[Event "IECC Quad-633 email"]
[Site "IECC email"]
[Date "1998.10.20"]
[Round "?"]
[White "Cousins, Eddie"]
[Black "Lalonde, Michel"]
[Result "1-0"]
[WhiteElo "1781"]
[BlackElo "1545"]
[PlyCount "59"]
[EventDate "1998.??.??"]
[EventType "tourn (corr)"]
[EventRounds "6"]
[SourceTitle "Corr 2008"]
[Source "ChessBase"]
[SourceDate "2008.06.24"]
[SourceVersion "1"]
[SourceVersionDate "2008.06.24"]
[SourceQuality "1"]

1. e4 c6 2. d4 d5 3. e5 Bf5 4. Nf3 e6 5. Be2 c5 6. Be3 Qb6 7. Nc3 Qxb2 8. Nb5 Na6 9. dxc5 Bxc2 10. Qc1 Qb4+ 11. Nd2 Bf5 12. c6 Rc8 13. a3 Qa5 14. Nxa7 d4 15. Bxd4 Rc7 16. cxb7 Be4 17. Bxa6 Rxc1+ 18. Rxc1 Bxb7 19. Bb5+ Ke7 20. 0-0 f6 21. Nc4 Qd8 22. Nd6 fxe5 23. Nxb7 Qd5 24. Nc6+ Kf7 25. Nxe5+ Kf6 26. Nd7+ Kf7 27. Nd8+ Ke7 28. Bc5+ Kxd8 29. Nxf8 Kc8 30. Bd4+ 1-0

[Event "IECC Quad-633 email"]
[Site "IECC email"]
[Date "1998.10.20"]
[Round "?"]
[White "Lalonde, Michel"]
[Black "Cousins, Eddie"]
[Result "0-1"]
[WhiteElo "1552"]
[BlackElo "1764"]
[PlyCount "48"]
[EventDate "1998.??.??"]
[EventType "tourn (corr)"]
[EventRounds "6"]
[SourceTitle "Corr 2008"]
[Source "ChessBase"]
[SourceDate "2008.06.24"]
[SourceVersion "1"]
[SourceVersionDate "2008.06.24"]
[SourceQuality "1"]

1. e4 e5 2. f4 exf4 3. Nf3 Be7 4. h4 d5 5. exd5 Bg4 6. Bb5+ Nd7 7. c4 Bxh4+ 8. Kf1 Bg3 9. d4 Ne7 10. Nc3 c6 11. dxc6 bxc6 12. Ba4 0-0 13. Ne4 Nb6 14. Qd3 Nf5 15. Bxc6 Rc8 16. Bb5 Bxf3 17. gxf3 Qxd4 18. c5 Rfd8 19. Qxd4 Rxd4 20. cxb6 Rd1+ 21. Kg2 Rc2+ 22. Bd2 Rdxd2+ 23. Nxd2 Ne3+ 24. Kh3 Rc5 0-1

[Event "IECC Quad-633 email"]
[Site "IECC email"]
[Date "1998.10.20"]
[Round "?"]
[White "Montalta, Benedikt"]
[Black "Cousins, Eddie"]
[Result "0-1"]
[WhiteElo "1891"]
[BlackElo "1788"]
[PlyCount "70"]
[EventDate "1998.??.??"]
[EventType "tourn (corr)"]
[EventRounds "6"]
[SourceTitle "Corr 2008"]
[Source "ChessBase"]
[SourceDate "2008.06.24"]
[SourceVersion "1"]
[SourceVersionDate "2008.06.24"]
[SourceQuality "1"]

1. Nf3 d5 2. d4 Nf6 3. c4 c6 4. Nc3 e6 5. e3 Nbd7 6. Qc2 Bd6 7. Be2 0-0 8. 0-0 b6 9. e4 dxe4 10. Nxe4 Nxe4 11. Qxe4 Bb7 12. Bd3 g6 13. Bh6 Re8 14. Rad1 f5 15. Qe3 c5 16. Be2 Qe7 17. Bg5 Qg7 18. Qc3 Be7 19. Bxe7 Rxe7 20. Rfe1 cxd4 21. Nxd4 e5 22. Nb5 Nc5 23. Nd6 Bc6 24. b4 Ne6 25. c5 Ba4 26. Rd5 e4 27. Qxg7+ Kxg7 28. g4 Kf6 29. gxf5 Nf4 30. Rd4 gxf5 31. Bc4 Rg7+ 32. Kf1 bxc5 33. bxc5 Rb8 34. Nf7 Rbg8 35. Ng5 Bb5 0-1

[Event "IECC CL4-1998.28"]
[Site "IECC email"]
[Date "1998.09.26"]
[Round "?"]
[White "Bouma, Jan"]
[Black "Cousins, Eddie"]
[Result "0-1"]
[WhiteElo "1687"]
[BlackElo "1693"]
[PlyCount "62"]
[EventDate "1998.??.??"]
[EventType "tourn (corr)"]
[EventRounds "4"]
[SourceTitle "Corr 2008"]
[Source "ChessBase"]
[SourceDate "2008.06.24"]
[SourceVersion "1"]
[SourceVersionDate "2008.06.24"]
[SourceQuality "1"]

1. e4 e5 2. Nf3 Nc6 3. Bb5 a6 4. Bxc6 dxc6 5. 0-0 f6 6. d4 exd4 7. Qxd4 Bg4 8. Qxd8+ Rxd8 9. Nbd2 Ne7 10. Nb3 Bxf3 11. gxf3 Ng6 12. Be3 Ne5 13. Nd4 Rxd4 14. f4 Rxe4 15. fxe5 Rxe5 16. Bf4 Rc5 17. Rfe1+ Kf7 18. Rad1 Rxc2 19. Bxc7 Rxb2 20. Rd7+ Kg6 21. Re8 Rxa2 22. Bb6 a5 23. Bc5 Bxc5 24. Rxh8 Rxf2 25. Kh1 a4 26. Rg8 Kh6 27. Rxb7 a3 28. Rb3 Rf1+ 29. Kg2 a2 30. Ra8 a1Q 31. Rxa1 Rxa1 0-1

[Event "IECC CL4-1998.28"]
[Site "IECC email"]
[Date "1998.09.26"]
[Round "?"]
[White "Cousins, Eddie"]
[Black "Wilhelms, Harald"]
[Result "1/2-1/2"]
[WhiteElo "1761"]
[BlackElo "1710"]
[PlyCount "71"]
[EventDate "1998.??.??"]
[EventType "tourn (corr)"]
[EventRounds "4"]
[SourceTitle "Corr 2008"]
[Source "ChessBase"]
[SourceDate "2008.06.24"]
[SourceVersion "1"]
[SourceVersionDate "2008.06.24"]
[SourceQuality "1"]

1. e4 e5 2. Nf3 Nc6 3. d4 exd4 4. Nxd4 Bc5 5. Be3 Qf6 6. c3 Nge7 7. Bc4 Ne5 8. Be2 Qg6 9. 0-0 d6 10. Kh1 Qxe4 11. Nd2 Qh4 12. Nb5 0-0 13. Nxc7 Rb8 14. Nf3 Nxf3 15. Bxf3 Bxe3 16. fxe3 Nf5 17. Re1 Qd8 18. Nd5 Be6 19. e4 Nh4 20. Be2 Re8 21. Rf1 Rc8 22. Qd4 a6 23. Nf4 Bd7 24. Rad1 Rc6 25. Nd5 Ng6 26. b3 Qh4 27. Nb4 Rxe4 28. Nxc6 Rxd4 29. Nxd4 Ne5 30. Nf3 Qe7 31. Nxe5 dxe5 32. Bc4 Be8 33. Bd5 Kf8 34. Rd3 f6 35. Be4 g6 36. Rxf6+ 1/2-1/2